NBA Year in Review: 2011–12 - Statistics

General Stats
  • This quiz has been taken 69 times
  • The average score is 8 of 14
Answer Stats
Hint Answer % Correct
Most Valuable Player LeBron James
100%
Finals MVP LeBron James
100%
All-Star Game MVP Kevin Durant
77%
Points Per Game Leader Kevin Durant
77%
Steals Per Game Leader Chris Paul
67%
Rebounds Per Game Leader Dwight Howard
59%
Rookie of the Year Kyrie Irving
54%
Coach of the Year Gregg Popovich
51%
Sixth Man of the Year James Harden
46%
Assists Per Game Leader Rajon Rondo
41%
Triple-Doubles Leader Rajon Rondo
41%
Defensive Player of the Year Tyson Chandler
39%
Blocks Per Game Leader Serge Ibaka
33%
Most Improved Player Ryan Anderson
10%
No matching quizzes found
Score Distribution
Percent of People with Each Score
Percentile by Number Answered
Your Score History
You have not taken this quiz